[Event "2016 Welsh Seniors Championship"]
[Site "Penarth"]
[Date "2016.08.29"]
[Round "5.4"]
[White "Williams, David J"]
[Black "Saunders, Walter N. R."]
[Result "0-1"]
[WhiteElo "1530"]
[BlackElo "2047"]
[PlyCount "60"]
[EventDate "2016.08.28"]
[EventType "swiss"]
[EventRounds "5"]
[EventCountry "WLS"]
[SourceDate "2016.08.28"]

1. e4 e6 2. d4 d5 3. e5 c5 4. c3 Nc6 5. Nf3 Nge7 6. Be2 Nf5 7. dxc5 Bxc5 8. g4
Nh4 9. Nbd2 O-O 10. g5 Ng6 11. Nb3 Bb6 12. h4 Ngxe5 13. Bf4 Nxf3+ 14. Bxf3 e5
15. Bg3 Be6 16. O-O f6 17. Bg4 f5 18. Be2 f4 19. Bh2 Qd7 20. Qd2 Bh3 21. Kh1
Bxf1 22. Bxf1 Rad8 23. Qe2 f3 24. Qd2 Qg4 25. Bg3 e4 26. Kh2 Qd7 27. Nd4 Nxd4
28. cxd4 Bc7 29. Bxc7 Qxc7+ 30. Kh3 Rc8 0-1

[Event "2016 Welsh Seniors Championship"]
[Site "Penarth"]
[Date "2016.08.29"]
[Round "5.5"]
[White "Hurn, Robert AJ"]
[Black "O'Rourke, Kevin"]
[Result "1-0"]
[WhiteElo "1619"]
[BlackElo "1352"]
[PlyCount "105"]
[EventDate "2016.08.28"]
[EventType "swiss"]
[EventRounds "5"]
[EventCountry "WLS"]
[SourceDate "2016.08.28"]

1. d4 d5 2. c4 dxc4 3. e4 Nf6 4. e5 Nfd7 5. Bxc4 Nb6 6. Bd3 e6 7. Nf3 Bb4+ 8.
Nc3 Nd5 9. Bd2 Nc6 10. O-O Nb6 11. Be3 Bxc3 12. bxc3 Nd5 13. Bd2 Qe7 14. a4 a6
15. Qc2 Bd7 16. Rfb1 O-O-O 17. Qb3 Na5 18. Qb2 Nb6 19. Qc2 Bc6 20. Be4 Bd5 21.
Bxd5 exd5 22. Bc1 h5 23. Ba3 Qd7 24. Bb4 Nac4 25. a5 Na8 26. Bc5 c6 27. Qb3 Qc7
28. Qb4 h4 29. h3 Rhe8 30. Rb3 Rd7 31. Rbb1 Qd8 32. Qa4 Re6 33. Qa2 b6 34. axb6
Rb7 35. Qxa6 Naxb6 36. Bxb6 Nxb6 37. Rb4 Qc7 38. Rab1 c5 39. dxc5 Qxc5 40. Nd4
Rxe5 41. Rxb6 Qc7 42. Qxb7+ Qxb7 43. Rxb7 Re1+ 44. Rxe1 Kxb7 45. Re7+ Kc8 46.
Rxf7 Kd8 47. Rxg7 Ke8 48. Ra7 Kf8 49. Nf5 Ke8 50. Nxh4 Kd8 51. Ra5 Kc7 52. Rxd5
Kc6 53. Ra5 1-0